[Event "Olimpiade 2016 - Donne"]
[Site "Baku"]
[Date "10.09.2016"]
[Round "8.59"]
[Board "1"]
[White "Begum, Ghazala"]
[Black "Vilhete, Vania Fausto Da T."]
[Result "0-1"]
[WhiteTitle "WCM"]
[BlackTitle "WIM"]
[WhiteElo "1668"]
[BlackElo "1741"]
[WhiteTeam "Pakistan"]
[BlackTeam "Mozambique"]
[WhiteFideId "7800711"]
[BlackFideId "14800144"]
[EventDate "2016.09.02"]

1. c4 c5 2. Nc3 Nf6 3. Nf3 Nc6 4. g3 e6 5. Bg2 d5 6. cxd5 exd5 7. d4 b6 8. Bg5
Be7 9. Ne5 Bb7 10. Nxc6 Bxc6 11. O-O Ne4 12. Bxe7 Qxe7 13. dxc5 Nxc3 14. bxc3
Qxc5 15. Qd2 O-O 16. Rfd1 Rac8 17. Rdc1 Rfd8 18. Qd4 Bb5 19. e3 Qd6 20. a4 Rc4
21. Qxd5 Qxd5 22. Bxd5 Rxa4 23. Rxa4 Bxa4 24. c4 a5 25. e4 Kf8 26. Rb1 Rb8 27.
c5 b5 28. c6 Rc8 29. Rc1 Ke7 30. c7 Kd6 31. Rc6+ Kd7 32. Ra6 Rxc7 33. Rxa5 Rc1+
34. Kg2 f6 35. Ra7+ Rc7 36. Be6+ Kd6 37. Ra6+ Rc6 38. Rxc6+ Kxc6 39. f4 b4 40.
Kf2 b3 41. Ke3 Kc5 42. Kd2 Kb4 43. Kc1 Kc3 44. Bxb3 Bxb3 45. e5 fxe5 46. fxe5
Kd4 47. Kd2 Kxe5 48. Ke3 Bd5 49. g4 g5 50. Kf2 Kf4 51. h3 Bb7 52. Kg1 Kg3 53.
Kf1 Kxh3 54. Kf2 Kxg4 55. Kg1 Kh3 56. Kf2 Kh2 57. Kf1 g4 58. Kf2 g3+ 59. Ke3 g2
60. Kf4 g1=Q 61. Ke5 Qe3+ 62. Kd6 Bg2 63. Kc7 Qe6 64. Kb8 Qe7 65. Kc8 Kg3 66.
Kb8 Qb7# 0-1

[Event "Olimpiade 2016 - Donne"]
[Site "Baku"]
[Date "11.09.2016"]
[Round "9.34"]
[Board "1"]
[White "Alattar, Ghayda M."]
[Black "Farha, Doha"]
[Result "1-0"]
[WhiteTitle "WFM"]
[WhiteElo "1964"]
[BlackElo "1851"]
[WhiteTeam "Jordan"]
[BlackTeam "Syria"]
[WhiteFideId "8101531"]
[BlackFideId "7602049"]
[EventDate "2016.09.02"]

1. d4 d5 2. Nc3 Bf5 3. e3 e6 4. Nf3 Nf6 5. Ne5 h5 6. f3 Nbd7 7. Nxd7 Qxd7 8. Bd3
Bb4 9. a3 Bxc3+ 10. bxc3 c6 11. a4 O-O-O 12. Ba3 Rde8 13. a5 e5 14. dxe5 Rxe5
15. Bc5 Bxd3 16. Qxd3 a6 17. Rb1 Qf5 18. Bd4 Qxd3 19. cxd3 Re6 20. Kf2 Rhe8 21.
Rb2 R8e7 22. Rhb1 Ne8 23. Bc5 Rd7 24. Rb4 Nd6 25. Bxd6 Rexd6 26. d4 Re6 27. R1b3
c5 28. dxc5 Rc6 29. c4 Rxc5 30. cxd5 Rcxd5 31. Ra3 Rc5 32. e4 Rd2+ 33. Kg3 Rcc2
34. Rab3 Rxg2+ 35. Kf4 Kb8 36. h4 Rc7 37. e5 Ra2 38. Re4 Rxa5 39. Rd3 Re7 40.
Rd8+ 1-0

[Event "Olimpiade 2016 - Donne"]
[Site "Baku"]
[Date "12.09.2016"]
[Round "10.1"]
[Board "1"]
[White "Socko, Monika"]
[Black "Hou, Yifan"]
[Result "0-1"]
[WhiteTitle "GM"]
[BlackTitle "GM"]
[WhiteElo "2437"]
[BlackElo "2658"]
[WhiteTeam "Poland"]
[BlackTeam "China"]
[WhiteFideId "1106619"]
[BlackFideId "8602980"]
[EventDate "2016.09.02"]

1. d4 Nf6 2. c4 e6 3. Nf3 Bb4+ 4. Bd2 a5 5. Bxb4 axb4 6. g3 b6 7. Bg2 Bb7 8. O-O
O-O 9. Nbd2 c5 10. Re1 d6 11. e4 Nc6 12. d5 exd5 13. cxd5 Ne7 14. Nc4 Ng6 15. a4
bxa3 16. Rxa3 b5 17. Rxa8 Bxa8 18. Na3 Re8 19. Nxb5 Rxe4 20. Rxe4 Nxe4 21. Qa4
Bxd5 22. Nh4 Nxh4 23. Bxe4 Qe8 24. gxh4 Bxe4 25. Qa5 Qd7 26. h3 h6 27. Nc3 Bf3
28. Kh2 Qe7 29. Qa6 Qe5+ 30. Kg1 Qe6 31. Kh2 Qg6 32. Qf1 Qf6 33. Kg3 Bc6 34. Qe2
d5 35. Qg4 d4 36. Nb1 Qe5+ 37. Qf4 Qe1 38. Qf5 Qg1+ 39. Kf4 Qxf2+ 40. Ke5 f6+ 0-1

[Event "Olimpiade 2016 - Donne"]
[Site "Baku"]
[Date "12.09.2016"]
[Round "10.1"]
[Board "3"]
[White "Szczepkowska-Horowska, Karina"]
[Black "Zhao, Xue"]
[Result "1/2-1/2"]
[WhiteTitle "WGM"]
[BlackTitle "GM"]
[WhiteElo "2409"]
[BlackElo "2522"]
[WhiteTeam "Poland"]
[BlackTeam "China"]
[WhiteFideId "1122681"]
[BlackFideId "8601283"]
[EventDate "2016.09.02"]

1. d4 Nf6 2. c4 e6 3. Nf3 b6 4. a3 Ba6 5. Qc2 Bb7 6. Nc3 c5 7. e4 cxd4 8. Nxd4
Bc5 9. Nf3 Nc6 10. b4 Nd4 11. Qd2 Nxf3+ 12. gxf3 Be7 13. Rg1 g6 14. Bb2 a5 15.
b5 d6 16. Na4 e5 17. Qe3 Nd7 18. Bh3 Rb8 19. Bxd7+ Qxd7 20. Nxb6 Qc7 21. c5 dxc5
22. Nc4 f6 23. a4 Ra8 24. O-O-O Bc8 25. Qc3 Be6 26. Rd2 O-O 27. Rgd1 Rfb8 28.
Ba3 Bf8 29. Kc2 Qf7 30. Ne3 Rc8 31. Nd5 Rab8 32. Qc4 Bh6 33. Re2 Rd8 34. Bc1
Bxd5 35. Rxd5 Rxd5 36. Qxd5 Qxd5 37. exd5 Bxc1 38. Kxc1 Kf7 39. Kc2 Ke7 40. Kc3
c4 41. Rb2 Kd6 42. b6 Kxd5 43. b7 Kc6 44. Kxc4 f5 45. Rb5 e4 46. f4 Rxb7 47.
Rxb7 Kxb7 48. Kb5 Kc7 49. h4 Kd6 50. Kxa5 Kc5 51. Ka6 Kc6 52. a5 h6 53. Ka7 Kc7
54. Ka8 Kc8 55. Ka7 Kc7 56. Ka8 Kc8 57. Ka7 1/2-1/2

[Event "Olimpiade 2016 - Donne"]
[Site "Baku"]
[Date "12.09.2016"]
[Round "10.1"]
[Board "4"]
[White "Tan, Zhongyi"]
[Black "Kulon, Klaudia"]
[Result "1-0"]
[WhiteTitle "WGM"]
[BlackTitle "WGM"]
[WhiteElo "2475"]
[BlackElo "2346"]
[WhiteTeam "China"]
[BlackTeam "Poland"]
[WhiteFideId "8603642"]
[BlackFideId "1131044"]
[EventDate "2016.09.02"]

1. c4 Nf6 2. Nc3 g6 3. g3 Bg7 4. Bg2 O-O 5. d4 d6 6. Nf3 Nc6 7. O-O e5 8. d5 Nb8
9. e4 a5 10. Qc2 Na6 11. a3 Nc5 12. Bg5 a4 13. Nd2 h6 14. Be3 Nfd7 15. Rae1 b6
16. f4 exf4 17. gxf4 Qh4 18. Bf2 Qh5 19. Ne2 Nf6 20. Ng3 Qg4 21. e5 Nh5 22. Bf3
Qh3 23. Nxh5 Bf5 24. Qc3 gxh5 25. Re3 Bg6 26. Bg2 Qf5 27. Bh4 dxe5 28. fxe5 Qg4
29. Bf6 Bxf6 30. Rxf6 h4 31. h3 Qg5 32. Nf3 Qg3 33. Qd4 Rae8 34. Nxh4 Qg5 35. e6
Ne4 36. Rxg6+ fxg6 37. Rxe4 h5 38. Kh2 Kh7 39. Nf3 Qc1 40. Qe5 Re7 41. Ng5+ Kg8
42. Nf7 Kh7 43. Qf6 Ree8 44. Re5 Qd2 45. e7 Rg8 46. h4 Qc2 47. Rxh5+ 1-0

[Event "Olimpiade 2016 - Donne"]
[Site "Baku"]
[Date "12.09.2016"]
[Round "10.2"]
[Board "2"]
[White "Muzychuk, Mariya"]
[Black "Padmini, Rout"]
[Result "1/2-1/2"]
[WhiteTitle "GM"]
[BlackTitle "IM"]
[WhiteElo "2539"]
[BlackElo "2408"]
[WhiteTeam "Ukraine"]
[BlackTeam "India"]
[WhiteFideId "14114550"]
[BlackFideId "5029295"]
[EventDate "2016.09.02"]

1. e4 e6 2. d4 d5 3. Nc3 Nf6 4. Bg5 dxe4 5. Nxe4 Be7 6. Bxf6 gxf6 7. Nf3 f5 8.
Nc3 a6 9. Qd2 b5 10. O-O-O Qd6 11. Qe3 Nd7 12. h3 Bb7 13. d5 b4 14. dxe6 Qxe6
15. Qxe6 fxe6 16. Ne2 O-O-O 17. Ned4 Nc5 18. Bc4 Rhg8 19. Rhg1 Bxf3 20. Nxf3
Rxd1+ 21. Kxd1 Bf6 22. Kc1 Kd7 23. g4 fxg4 24. hxg4 h6 25. Ne1 Bg5+ 26. Kd1 Rf8
27. Ke2 Rf4 28. Nd3 Nxd3 29. Bxd3 Bf6 30. b3 a5 31. f3 Rd4 1/2-1/2

[Event "Olimpiade 2016 - Donne"]
[Site "Baku"]
[Date "12.09.2016"]
[Round "10.2"]
[Board "3"]
[White "Tania, Sachdev"]
[Black "Zhukova, Natalia"]
[Result "1-0"]
[WhiteTitle "IM"]
[BlackTitle "GM"]
[WhiteElo "2402"]
[BlackElo "2475"]
[WhiteTeam "India"]
[BlackTeam "Ukraine"]
[WhiteFideId "5007844"]
[BlackFideId "14101513"]
[EventDate "2016.09.02"]

1. d4 Nf6 2. c4 e6 3. Nf3 c5 4. d5 exd5 5. cxd5 d6 6. Nc3 g6 7. Bf4 Bg7 8. Qa4+
Bd7 9. Qb3 Qc7 10. e4 O-O 11. Be2 b5 12. a3 Na6 13. Bxb5 Nxe4 14. Bxd7 Nxc3 15.
Bc6 Rab8 16. Qc4 Rxb2 17. Qxa6 Qe7+ 18. Be3 Nxd5 19. Bxd5 Bc3+ 20. Kf1 Rb6 21.
Qc4 Bxa1 22. g3 Rb1+ 23. Kg2 Rxh1 24. Kxh1 Bg7 25. Kg2 h6 26. h4 Rb8 27. Bf4 Rb2
28. Qd3 Kh7 29. h5 Qe2 30. Qxe2 Rxe2 31. Bxd6 Bd4 32. Nxd4 cxd4 33. Bxf7 gxh5
34. Bc5 d3 35. Bc4 Rd2 36. Kf3 Rd1 37. Bd4 d2 38. Ke2 Rh1 39. Kxd2 h4 40. Bd3+
Kg8 41. gxh4 Rxh4 42. Bxa7 Ra4 43. Bc5 h5 44. Ke3 Kf7 45. Bb4 1-0

[Event "Olimpiade 2016 - Donne"]
[Site "Baku"]
[Date "12.09.2016"]
[Round "10.3"]
[Board "2"]
[White "Javakhishvili, Lela"]
[Black "Gunina, Valentina"]
[Result "0-1"]
[WhiteTitle "IM"]
[BlackTitle "GM"]
[WhiteElo "2486"]
[BlackElo "2520"]
[WhiteTeam "Georgia"]
[BlackTeam "Russia"]
[WhiteFideId "13601458"]
[BlackFideId "4167570"]
[EventDate "2016.09.02"]

1. d4 Nf6 2. c4 e6 3. Nf3 b6 4. a3 Bb7 5. Nc3 d5 6. cxd5 Nxd5 7. Qc2 Nxc3 8.
bxc3 c5 9. e4 Nd7 10. Bf4 Be7 11. d5 exd5 12. exd5 O-O 13. Rd1 g5 14. Be3 f5 15.
h4 g4 16. Ng5 Bd6 17. Bb5 Qe7 18. O-O f4 19. Bc1 Ne5 20. Rfe1 g3 21. fxg3 fxg3
22. Qe4 c4 23. Bf4 Bc5+ 24. Kh1 Nd3 25. Qxe7 Bxe7 26. Rxe7 Rxf4 27. Rxb7 Nf2+
28. Kg1 Rxh4 29. Nh3 Nxd1 30. Re7 Nxc3 31. Bd7 Rf8 32. Re3 Ne4 33. d6 Kh8 34.
Be6 Nxd6 35. Rxg3 Ne4 36. Re3 c3 37. Bb3 Rd8 38. Rf3 Rg4 39. Kh2 Kg7 40. Rf7+
Kh6 41. Re7 Rd2 42. Re6+ Kg7 43. Re7+ Kg6 44. Re6+ Kf5 0-1

[Event "Olimpiade 2016 - Donne"]
[Site "Baku"]
[Date "12.09.2016"]
[Round "10.3"]
[Board "3"]
[White "Goryachkina, Aleksandra"]
[Black "Khotenashvili, Bela"]
[Result "1/2-1/2"]
[WhiteTitle "WGM"]
[BlackTitle "GM"]
[WhiteElo "2475"]
[BlackElo "2463"]
[WhiteTeam "Russia"]
[BlackTeam "Georgia"]
[WhiteFideId "4147103"]
[BlackFideId "13602640"]
[EventDate "2016.09.02"]

1. d4 Nf6 2. c4 g6 3. Nc3 d5 4. cxd5 Nxd5 5. e4 Nxc3 6. bxc3 Bg7 7. Be3 c5 8.
Qd2 Qa5 9. Nf3 O-O 10. Rc1 Bg4 11. d5 Bxf3 12. gxf3 Nd7 13. h4 h5 14. f4 c4 15.
e5 Qb5 16. Bh3 Nc5 17. Bxc5 Qxc5 18. Rg1 Kh7 19. Rd1 Rad8 20. Bg2 Bh6 21. Be4 f5
22. Bf3 Rd7 23. Qe3 Rc8 24. Kf1 Rdd8 25. Ke2 b5 26. Qxc5 Rxc5 27. Rd4 a5 28. a3
Bf8 29. Rb1 Rb8 30. Kf1 Kg7 31. Kg2 Kf7 32. Kg3 Ke8 33. Be2 Rd8 34. Bf3 Rb8 35.
Rd2 Kd7 36. Rdb2 Kc7 37. Bg2 Bh6 38. Bh1 Bg7 39. Kh3 Bh6 40. Kg3 Bf8 41. Bf3 Bh6
42. Bg2 1/2-1/2

[Event "Olimpiade 2016 - Donne"]
[Site "Baku"]
[Date "12.09.2016"]
[Round "10.3"]
[Board "4"]
[White "Batsiashvili, Nino"]
[Black "Girya, Olga"]
[Result "1-0"]
[WhiteTitle "IM"]
[BlackTitle "WGM"]
[WhiteElo "2474"]
[BlackElo "2452"]
[WhiteTeam "Georgia"]
[BlackTeam "Russia"]
[WhiteFideId "13602993"]
[BlackFideId "4195752"]
[EventDate "2016.09.02"]

1. d4 d5 2. c4 c6 3. Nf3 Nf6 4. e3 Bg4 5. h3 Bh5 6. g4 Bg6 7. Ne5 Nbd7 8. Nxg6
hxg6 9. Bg2 dxc4 10. Nd2 e5 11. Nxc4 exd4 12. O-O Nb6 13. Ne5 dxe3 14. Bxe3 Qxd1
15. Raxd1 Nbd7 16. Nc4 Be7 17. Na5 O-O-O 18. Bxa7 Bc5 19. Bxc5 Nxc5 20. b4 Nce4
21. Rc1 Kb8 22. Rfe1 Ng5 23. Re7 Rd7 24. Rxd7 Nxd7 25. Nxb7 Kxb7 26. Bxc6+ Kc7
27. Ba4+ Kd6 28. Rd1+ Ke5 29. Rxd7 Nxh3+ 30. Kf1 Rb8 31. b5 Ng5 32. Ke2 Ne4 33.
Bc2 Nc3+ 34. Kd3 Nxa2 35. Kc4 Rc8+ 36. Kb3 Nc3 37. b6 Nb5 38. b7 Rb8 39. Bd3 Nd6
40. Ba6 g5 41. Kb4 g6 42. Kc5 Nxb7+ 43. Bxb7 f5 44. Rd5+ Kf4 45. Rd4+ Ke5 46.
Rb4 fxg4 47. Rb3 Rh8 48. Re3+ Kf6 49. Rg3 Kf5 50. Kd4 Kf4 51. Bg2 Rh7 52. Kd3
Ra7 53. Re3 Ra3+ 54. Kd4 Ra4+ 55. Kd5 Ra2 56. Re4+ Kf5 57. Re8 Rd2+ 58. Kc4 g3
59. Be4+ Kf4 60. fxg3+ Kxg3 61. Bxg6 Kf4 62. Bd3 Ra2 63. Kd4 Ra4+ 64. Bc4 g4 65.
Rf8+ Kg3 66. Kd3 Rb4 67. Bd5 Ra4 68. Be4 Ra3+ 69. Kd4 Ra4+ 70. Ke5 Ra5+ 71. Bd5
Rb5 72. Rf1 Rb4 73. Kf5 Rb5 74. Rd1 Rb4 75. Rd3+ Kf2 76. Be4 Rb8 77. Kf4 Ke2 78.
Rc3 Rf8+ 79. Bf5 Kd2 80. Rc2+ Kd1 81. Rg2 Rf7 82. Ke4 g3 83. Kd3 Ke1 84. Be4 Kf1
85. Rxg3 Rf8 86. Ke3 Ke1 87. Bg6 Rf6 88. Bd3 Re6+ 89. Be4 Rf6 90. Rg7 Rf8 91.
Rg6 Rf7 92. Rg5 Rf8 93. Bg6 Rf6 94. Bf5 1-0

[Event "Olimpiade 2016 - Donne"]
[Site "Baku"]
[Date "12.09.2016"]
[Round "10.4"]
[Board "1"]
[White "Mammadzada, Gunay"]
[Black "Rodriguez Rueda, Paula Andrea"]
[Result "1-0"]
[WhiteTitle "WGM"]
[BlackTitle "IM"]
[WhiteElo "2361"]
[BlackElo "2326"]
[WhiteTeam "Azerbaijan 1"]
[BlackTeam "Colombia"]
[WhiteFideId "13403729"]
[BlackFideId "4404564"]
[EventDate "2016.09.02"]

1. e4 c5 2. Nf3 d6 3. d4 cxd4 4. Nxd4 Nf6 5. Nc3 a6 6. Be3 e5 7. Nb3 Be6 8. Qd2
Be7 9. O-O-O Nbd7 10. f4 b5 11. Kb1 Rc8 12. h3 O-O 13. g4 b4 14. Nd5 Nxe4 15.
Nxe7+ Qxe7 16. Qxb4 Ng3 17. Rg1 Nxf1 18. Rgxf1 Bxb3 19. axb3 Rc6 20. Rf2 Rb8 21.
Qa4 Rbc8 22. Rfd2 Nf8 23. c3 Qh4 24. f5 Qxh3 25. Qe4 Qh4 26. Rxd6 Rxd6 27. Rxd6
h5 28. Qxe5 Qxg4 29. Rd4 Qg2 30. Rd2 Qf1+ 31. Ka2 Nh7 32. Bd4 Nf6 33. Rf2 Qh1
34. Qg3 Ng4 35. f6 g6 36. Re2 Qc6 37. Re7 Nh6 38. Re5 Ng4 39. Rg5 Rd8 40. Qf4
Qd6 41. Qf5 Qf8 42. Bc5 Qh6 43. Be7 Kh8 44. Qf4 1-0

[Event "Olimpiade 2016 - Donne"]
[Site "Baku"]
[Date "12.09.2016"]
[Round "10.4"]
[Board "2"]
[White "Chirivi C, Jenny Astrid"]
[Black "Mammadova, Gulnar"]
[Result "0-1"]
[WhiteTitle "WIM"]
[BlackTitle "WGM"]
[WhiteElo "2209"]
[BlackElo "2304"]
[WhiteTeam "Colombia"]
[BlackTeam "Azerbaijan 1"]
[WhiteFideId "4403061"]
[BlackFideId "13403508"]
[EventDate "2016.09.02"]

1. d4 d5 2. c4 c6 3. Nc3 Nf6 4. Nf3 a6 5. e3 g6 6. h3 Bg7 7. Bd3 O-O 8. O-O dxc4
9. Bxc4 b5 10. Bb3 c5 11. dxc5 Bb7 12. Qxd8 Rxd8 13. Ng5 e6 14. e4 Nbd7 15. Be3
h6 16. Nxe6 fxe6 17. Bxe6+ Kh7 18. f3 Re8 19. Bxd7 Nxd7 20. Rac1 Ne5 21. Rfd1
Nc4 22. Bf2 Nxb2 23. Rd7 Bc6 24. Rc7 Rac8 25. Ra7 Kg8 26. Nd5 Bxd5 27. exd5 Nd3
28. d6 Nxc1 29. d7 Red8 30. dxc8=Q Rxc8 31. Rxa6 Nd3 32. c6 Nb4 33. Rb6 Rxc6 34.
Rxb5 Nxa2 35. Rb8+ Bf8 36. Be3 Kf7 37. Rb7+ Kf6 38. Rh7 g5 39. Rb7 Nc3 40. Kf1
Nd5 41. Bd4+ Ke6 42. Rb2 Rc1+ 43. Kf2 Nf4 44. Ra2 Rb1 45. g3 Nd3+ 46. Kg2 Bd6
47. Bg7 h5 48. Rd2 Rb3 49. h4 gxh4 50. gxh4 Ne1+ 51. Kf2 Nxf3 52. Re2+ Kf5 53.
Ra2 Nxh4 54. Ra5+ Kg4 55. Ra4+ Bf4 56. Bh8 Rf3+ 57. Ke2 Nf5 58. Ra8 Ng3+ 0-1

[Event "Olimpiade 2016 - Donne"]
[Site "Baku"]
[Date "12.09.2016"]
[Round "10.4"]
[Board "3"]
[White "Hojjatova, Aydan"]
[Black "Rivera, Ingris"]
[Result "0-1"]
[WhiteTitle "WFM"]
[BlackTitle "WIM"]
[WhiteElo "2339"]
[BlackElo "2201"]
[WhiteTeam "Azerbaijan 1"]
[BlackTeam "Colombia"]
[WhiteFideId "13401491"]
[BlackFideId "4402472"]
[EventDate "2016.09.02"]

1. e4 c5 2. Nf3 d6 3. Bb5+ Nd7 4. a4 Nf6 5. Nc3 a6 6. Bc4 e6 7. O-O Be7 8. d3
O-O 9. a5 b5 10. axb6 Nxb6 11. Bb3 Bb7 12. Qe2 h6 13. Re1 Qc7 14. Bd2 Rfe8 15.
Na4 Nbd7 16. Bf4 Rac8 17. Nc3 Nb6 18. Na4 Nbd7 19. c4 Bf8 20. Rad1 g5 21. Bd2
Bg7 22. h4 g4 23. Nh2 h5 24. Nf1 Ne5 25. Ng3 Nc6 26. Rc1 Nd4 27. Qd1 Rb8 28. Bc2
Bc6 29. b3 e5 30. Nc3 Kh7 31. Bg5 Kg6 32. Nce2 Bd7 33. Nxd4 cxd4 34. Qd2 Nh7 35.
Nf5 Bxf5 36. exf5+ Kxf5 37. Bd1 Kg6 38. Qa2 Nxg5 39. hxg5 Rb6 40. Qd2 Qe7 41. f4
gxf3 42. gxf3 Qxg5+ 43. Qxg5+ Kxg5 44. f4+ Kh6 45. Kf2 Bf6 46. Kf3 Rg8 47. c5
Rc6 48. b4 dxc5 49. fxe5 Be7 50. bxc5 Rxc5 51. Rxc5 Bxc5 52. Kf4 h4 53. Bb3 Rg3
54. Bc4 a5 55. Ra1 Bb4 56. Rh1 Bd2+ 57. Ke4 Rg4+ 58. Kd5 Kg5 59. Kd6 Bb4+ 60.
Kc6 Kf5 61. Bxf7 Kxe5 62. Kb5 Kf4 63. Be6 Rg5+ 64. Kc4 Ke5 65. Bd7 Rg7 66. Bc6
Rc7 67. Kb5 Rh7 68. Be4 Rh8 69. Rh3 Bc3 70. Ka4 Kf4 71. Bd5 Kg5 72. Bc6 Rf8 73.
Rh2 Rf1 74. Rg2+ Kf4 75. Bd7 Ke3 76. Rh2 Rf4 77. Rh3+ Ke2 78. Kb3 Be1 79. Kc4
Bg3 80. Be6 Kf2 81. Kb5 Rf6 82. Bg4 Ke3 83. Kxa5 Kxd3 84. Kb5 Ke3 85. Rh1 d3 86.
Ra1 d2 87. Ra8 Rd6 88. Re8+ Kf2 89. Rf8+ Kg1 90. Bd1 h3 91. Rg8 Kf2 92. Kc5 h2 0-1

[Event "Olimpiade 2016 - Donne"]
[Site "Baku"]
[Date "12.09.2016"]
[Round "10.4"]
[Board "4"]
[White "Castrillon Gomez, Melissa"]
[Black "Kazimova, Narmin"]
[Result "0-1"]
[WhiteTitle "WIM"]
[BlackTitle "WGM"]
[WhiteElo "2194"]
[BlackElo "2302"]
[WhiteTeam "Colombia"]
[BlackTeam "Azerbaijan 1"]
[WhiteFideId "4402413"]
[BlackFideId "13402951"]
[EventDate "2016.09.02"]

1. d4 Nf6 2. c4 e6 3. Nf3 b6 4. a3 Bb7 5. Nc3 d5 6. cxd5 Nxd5 7. Qc2 Be7 8. e4
Nxc3 9. bxc3 O-O 10. Bd3 c5 11. O-O Nd7 12. Rd1 Qc7 13. Qe2 Rac8 14. e5 c4 15.
Bb1 b5 16. Ng5 Bxg5 17. Bxg5 Rfe8 18. Qg4 Nf8 19. h4 Qc6 20. f3 Kh8 21. h5 Nd7
22. Qf4 Kg8 23. Bf6 Nxf6 24. exf6 e5 25. Qf5 Qxf6 26. Qxh7+ Kf8 27. Re1 Qg5 28.
Bf5 Bxf3 29. Ra2 Rc6 30. Qh8+ Ke7 31. Rxe5+ Re6 32. Qxe8+ Kxe8 33. Bxe6 Qc1+ 34.
Kf2 fxe6 35. gxf3 Qxc3 36. Rxe6+ Kd7 37. Re4 Qb3 38. Ree2 c3 39. Ra1 Qc4 40. Ke3
a5 41. Rg1 Qe6+ 42. Kf2 Qf6 43. Re5 b4 44. axb4 axb4 45. Rd5+ Ke6 46. Re5+ Kf7
47. Ke3 c2 48. Rb5 b3 49. Rb7+ Kf8 50. Rb8+ Ke7 51. f4 Qe6+ 52. Kd2 Qc4 53. Re1+
Kd7 54. Kc1 Qc3 55. Rb7+ Kc6 0-1

[Event "Olimpiade 2016 - Donne"]
[Site "Baku"]
[Date "12.09.2016"]
[Round "10.5"]
[Board "3"]
[White "Uuriintuya, Uurtsaikh"]
[Black "Nemcova, Katerina"]
[Result "0-1"]
[WhiteTitle "WIM"]
[BlackTitle "WGM"]
[WhiteElo "2228"]
[BlackElo "2365"]
[WhiteTeam "Mongolia"]
[BlackTeam "United States of America"]
[WhiteFideId "4900227"]
[BlackFideId "322750"]
[EventDate "2016.09.02"]

1. e4 e5 2. Nf3 Nc6 3. Bc4 Bc5 4. c3 Nf6 5. d3 a6 6. Bb3 Ba7 7. h3 d6 8. Nbd2 h6
9. Nf1 Nh5 10. Ne3 Nf4 11. O-O Qf6 12. Nd5 Nxd5 13. Bxd5 Ne7 14. Bb3 g5 15. Nh2
h5 16. d4 g4 17. h4 exd4 18. Bg5 Qe5 19. Kh1 dxc3 20. bxc3 f6 21. f4 gxf3 22.
Nxf3 Qg3 23. Bxf6 Rf8 24. Bg5 Bg4 25. Qd3 Bf2 26. Bd1 Nc6 27. Be2 Kd7 28. Rab1
Bxf3 29. Rxf2 Ne5 30. Rxf3 Rxf3 31. Qxf3 Nxf3 32. Bxf3 Rf8 33. Rf1 Rh8 34. Bf6
Rh7 35. c4 c6 36. a4 Ke6 37. Bg5 Rf7 38. Rc1 Rxf3 39. gxf3 Qxf3+ 40. Kg1 Qxe4
41. Kf2 Kf5 42. Kg3 Qd3+ 43. Kh2 a5 44. Kg1 Kg4 45. Kf2 Qf3+ 46. Ke1 Qb3 47. Ke2
Qxa4 48. Rg1+ Kf5 0-1

[Event "Olimpiade 2016 - Donne"]
[Site "Baku"]
[Date "12.09.2016"]
[Round "10.5"]
[Board "4"]
[White "Foisor, Sabina-Francesca"]
[Black "Enkhtuul, Altan-Ulzii"]
[Result "1/2-1/2"]
[WhiteTitle "WGM"]
[BlackTitle "WGM"]
[WhiteElo "2279"]
[BlackElo "2288"]
[WhiteTeam "United States of America"]
[BlackTeam "Mongolia"]
[WhiteFideId "1212915"]
[BlackFideId "4901444"]
[EventDate "2016.09.02"]

1. d4 Nf6 2. Nf3 e6 3. Bf4 Be7 4. e3 b6 5. Nbd2 Bb7 6. Bd3 Nh5 7. Be5 d6 8. Bg3
Nxg3 9. hxg3 Nd7 10. Qe2 h6 11. g4 a6 12. Nf1 c5 13. Ng3 b5 14. c3 Qa5 15. O-O
c4 16. Bc2 Rc8 17. a3 Nf6 18. Nd2 Qb6 19. f4 Qc6 20. Nh5 Nxh5 21. gxh5 f5 22. e4
O-O 23. Rf3 Qd7 24. Raf1 Bf6 25. Rg3 Rcd8 26. Rg6 Kh8 27. g4 fxg4 28. Qxg4 e5
29. Qxd7 Rxd7 30. fxe5 dxe5 31. dxe5 Rxd2 32. exf6 Rxf6 33. Rfxf6 gxf6 34. Rxh6+
Kg7 35. Rg6+ Kh7 36. Rg2 Rxg2+ 37. Kxg2 Kh6 38. Kg3 Kxh5 39. Kf4 Kg6 40. e5+ Kf7
41. Be4 fxe5+ 42. Kxe5 Bxe4 43. Kxe4 Ke6 44. Kf4 Kd5 45. Kf5 a5 46. Kf4 Ke6 47.
a4 Kd5 48. axb5 Kc5 49. b6 Kxb6 50. Ke4 Kb5 51. Kd4 Ka4 52. Kxc4 1/2-1/2

[Event "Olimpiade 2016 - Donne"]
[Site "Baku"]
[Date "12.09.2016"]
[Round "10.6"]
[Board "2"]
[White "Lazarne Vajda, Szidonia"]
[Black "Collas, Silvia"]
[Result "1/2-1/2"]
[WhiteTitle "IM"]
[BlackTitle "IM"]
[WhiteElo "2372"]
[BlackElo "2301"]
[WhiteTeam "Hungary"]
[BlackTeam "France"]
[WhiteFideId "723894"]
[BlackFideId "2902265"]
[EventDate "2016.09.02"]

1. d4 Nf6 2. Nf3 e6 3. e3 d5 4. Bd3 Bd6 5. b3 b6 6. Bb2 Bb7 7. Nbd2 O-O 8. O-O
Qe7 9. Ne5 Nfd7 10. f4 f5 11. c4 c5 12. Ndf3 Nc6 13. cxd5 exd5 14. Rc1 Rac8 15.
Qe2 Ndxe5 16. fxe5 Bb8 17. Ba3 Nd8 18. Qc2 g6 19. dxc5 Nf7 20. Qc3 Nxe5 21. Bb2
Rfe8 22. Nxe5 Bxe5 23. Qxe5 Qxe5 24. Bxe5 Rxe5 25. cxb6 axb6 26. Rxc8+ Bxc8 27.
Rc1 Bd7 28. Kf2 Re6 29. Rc7 Rd6 30. Rb7 d4 31. Bc4+ Kf8 32. Rb8+ Ke7 33. exd4
Rxd4 34. Ke3 Re4+ 35. Kd3 Rh4 36. Rxb6 Rxh2 37. Bd5 f4 38. a4 Rh1 39. a5 Ra1 40.
b4 h5 41. Ke4 g5 42. Ke5 h4 43. a6 Re1+ 44. Kd4 Ra1 45. Ke4 Ra3 46. Ke5 Re3+ 47.
Kd4 Ra3 48. Ke5 Re3+ 49. Kd4 Ra3 50. Ke5 Re3+ 1/2-1/2

[Event "Olimpiade 2016 - Donne"]
[Site "Baku"]
[Date "12.09.2016"]
[Round "10.6"]
[Board "3"]
[White "Maisuradze, Nino"]
[Black "Gara, Ticia"]
[Result "1/2-1/2"]
[WhiteTitle "WGM"]
[BlackTitle "WGM"]
[WhiteElo "2256"]
[BlackElo "2379"]
[WhiteTeam "France"]
[BlackTeam "Hungary"]
[WhiteFideId "13601717"]
[BlackFideId "717444"]
[EventDate "2016.09.02"]

1. d4 d5 2. c4 dxc4 3. Nf3 a6 4. e3 Bg4 5. Bxc4 e6 6. O-O Nf6 7. Nc3 Nc6 8. Be2
Bd6 9. h3 Bh5 10. Re1 O-O 11. e4 Bb4 12. e5 Nd5 13. Bg5 Qd7 14. Rc1 h6 15. Be3
Rad8 16. Nh4 Bxe2 17. Qxe2 Nde7 18. Red1 Bxc3 19. bxc3 b5 20. Qg4 Nf5 21. Nxf5
exf5 22. Qe2 Ne7 23. c4 bxc4 24. Qxc4 Nd5 25. Qxa6 f4 26. Bd2 Ra8 27. Qc4 Ra4
28. Qb3 Rfa8 29. Qf3 g5 30. Rc2 Rxa2 31. Rdc1 Rxc2 32. Rxc2 Kg7 33. g3 Ra1+ 34.
Kg2 Qb5 35. Rc1 Rxc1 36. Bxc1 fxg3 37. Qxg3 Qb1 38. Be3 Qe4+ 39. Qf3 Nxe3+ 40.
fxe3 Qc2+ 41. Kg3 Qg6 42. e4 Qb6 43. Qc3 Qb1 44. Qe3 Qf1 1/2-1/2